LEADER 01296nab a2200361 i 4500
001 publ15140
005 20190417161743.0
008 190417s2018 hu o 0|| zxx d
022 |a 1948-5875 
024 7 |a 10.1021/acsmedchemlett.8b00078  |2 doi 
024 7 |a 3361632  |2 mtmt 
040 |a SZTE Publicatio Repozitórium  |b hun 
041 |a zxx 
100 1 |a Fumagalli Gaia 
245 1 0 |a Heteronanoparticles by Self-Assembly of Ecdysteroid and Doxorubicin Conjugates To Overcome Cancer Resistance  |h [elektronikus dokumentum] /  |c  Fumagalli Gaia 
260 |c 2018 
300 |a 468-471 
490 0 |a ACS Medicinal Chemistry Letters  |v 9 No. 5 
700 0 1 |a Giorgi Giulia  |e aut 
700 0 1 |a Vágvölgyi Máté  |e aut 
700 0 1 |a Colombo Eleonora  |e aut 
700 0 1 |a Christodoulou Michael S.  |e aut 
700 0 1 |a Collico Veronica  |e aut 
700 0 1 |a Prosperi Davide  |e aut 
700 0 1 |a Dosio Franco  |e aut 
700 0 1 |a Hunyadi Attila  |e aut 
700 0 1 |a Montopoli Monica  |e aut 
700 0 1 |a Hyeraci Mariafrancesca  |e aut 
700 0 1 |a Silvani Alessandra  |e aut 
700 0 1 |a Lesma Giordano  |e aut 
700 0 1 |a Via Lisa Dalla  |e aut 
700 0 1 |a Passarella Daniele  |e aut 
856 4 0 |u http://publicatio.bibl.u-szeged.hu/15140/1/2018%20Fumagalli%20et%20al%20nano%20ACS%20Med%20Chem%20Lett.pdf  |z Dokumentum-elérés